Automarken#4 - Statistiken

Allgemein
  • Dieses Quiz wurde 967 mal gespielt
    965 seit der letzten Aktualisierung
  • Das Durchschnittsergebnis liegt bei 6 aus 7
Antworten auf der Karte
Die Antworten werden auf der Karte rot bzw. grün angezeigt, abhängig davon wie oft sie richtig erraten wurden.
 
Antwortstatistiken
Antwort % Korrekt
Audi
99%
Ferrari
99%
Land Rover
96%
Maybach
93%
Smart
89%
Isuzu
77%
Lincoln
68%
Keine übereinstimmenden Quizze gefunden
Verteilung der Resultate
Anzahl Personen mit jedem Resultat
Perzentil nach korrekt beantworteten Fragen
Ihre Resultats-Entwicklung
Sie haben dieses Quiz seit der letzten Aktualisierung nicht gespielt